| 000 | 007340000a22002290004500 | ||
|---|---|---|---|
| 003 | dpl | ||
| 005 | 20081029125257.0 | ||
| 008 | 081029t xxu||||| |||| 00| 0 eng d | ||
| 010 | _aENG-84595 | ||
| 020 | _a8189557386 | ||
| 020 | _c550.00 (hb) | ||
| 035 | _aEN-68128 | ||
| 040 | _cdpl | ||
| 082 | _a398.042 | ||
| 100 | _aKatare, Prakash M | ||
| 245 |
_aSocial work and folk culture / _cby Prakash M Katare |
||
| 260 |
_aNew Delhi _bArise Publishers and Distributors |
||
| 260 | _c2006 | ||
| 300 |
_a216p _c22cm |
||
| 942 |
_2ddc _cEN _h398.042 _mKAT |
||
| 999 |
_c17899 _d17899 |
||